| 000 | 00351 a2200145 4500 | ||
|---|---|---|---|
| 999 |
_c321134 _d321134 |
||
| 001 | 86061 | ||
| 003 | NUST | ||
| 005 | 20180120161214.0 | ||
| 008 | 180120b xxu||||| |||| 00| 0 eng d | ||
| 020 | _a9780007158003 | ||
| 082 | _a423 COL | ||
| 100 |
_aHarper Collins _99305 |
||
| 245 | _aAdvanced Learner's English Dictionary | ||
| 260 |
_aUK _bHarper Collins _c2003 |
||
| 300 | _axxiv 1736p. | ||
| 500 | _aPAF Book Club | ||
| 942 |
_aCAE NUST _cBK _k423 COL _2ddc |
||